<?xml version="1.0" encoding="UTF-8"?>
<collection xmlns:xsi="http://www.w3.org/2001/XMLSchema-instance" xsi:schemaLocation="http://www.loc.gov/MARC21/slim http://www.loc.gov/standards/marcxml/schema/MARC21slim.xsd" xmlns="http://www.loc.gov/MARC21/slim">
 <record>
  <leader>00000cjm a22000004a 4500</leader>
  <controlfield tag="001">UP-99796217610538234</controlfield>
  <controlfield tag="003">Buklod</controlfield>
  <controlfield tag="005">20121120093853.0</controlfield>
  <controlfield tag="006">a     r    |||| u|</controlfield>
  <controlfield tag="007">s| u||||||u|u|</controlfield>
  <controlfield tag="008">121120s1991    xx     d|||||||||||||| | </controlfield>
  <datafield tag="035" ind1=" " ind2=" ">
   <subfield code="a">(iLib)UPD-00191509810</subfield>
  </datafield>
  <datafield tag="040" ind1=" " ind2=" ">
   <subfield code="a">LC</subfield>
   <subfield code="d">DMUS</subfield>
  </datafield>
  <datafield tag="041" ind1="0" ind2=" ">
   <subfield code="g">eng</subfield>
   <subfield code="g">ger</subfield>
   <subfield code="g">fre</subfield>
   <subfield code="g">ita</subfield>
  </datafield>
  <datafield tag="090" ind1=" " ind2=" ">
   <subfield code="a">CD 1414</subfield>
  </datafield>
  <datafield tag="100" ind1="1" ind2=" ">
   <subfield code="a">Mozart, Wolfgang Amadeus</subfield>
   <subfield code="d">1756-1791.</subfield>
  </datafield>
  <datafield tag="240" ind1="1" ind2="0">
   <subfield code="a">Sonatas</subfield>
   <subfield code="m">violin, piano.</subfield>
   <subfield code="k">Selections</subfield>
  </datafield>
  <datafield tag="245" ind1="1" ind2="0">
   <subfield code="a">Sonatas for piano &amp; violin.</subfield>
   <subfield code="n">Vol. 3</subfield>
   <subfield code="h">[sound recording]</subfield>
   <subfield code="c">Mozart.</subfield>
  </datafield>
  <datafield tag="264" ind1=" " ind2="1">
   <subfield code="a">New York, N.Y.</subfield>
   <subfield code="b">RCA Victor Red Seal</subfield>
   <subfield code="c">p1991.</subfield>
  </datafield>
  <datafield tag="300" ind1=" " ind2=" ">
   <subfield code="a">1 sound disc (57 min., 20 sec.)</subfield>
   <subfield code="b">digital</subfield>
   <subfield code="c">4 3/4 in.</subfield>
  </datafield>
  <datafield tag="306" ind1=" " ind2=" ">
   <subfield code="a">002400</subfield>
   <subfield code="a">001400</subfield>
   <subfield code="a">002100</subfield>
  </datafield>
  <datafield tag="500" ind1=" " ind2=" ">
   <subfield code="a">Compact disc.</subfield>
  </datafield>
  <datafield tag="500" ind1=" " ind2=" ">
   <subfield code="a">Program notes in English, German, French, and Italian (18 p.) inserted in container.</subfield>
  </datafield>
  <datafield tag="505" ind1="0" ind2=" ">
   <subfield code="a">Sonata in D major, K. 306 (24:00) -- Sonata in G major, K. 301 (14:00) -- Sonata in B-flat major, K. 378 (21:00).</subfield>
  </datafield>
  <datafield tag="511" ind1="0" ind2=" ">
   <subfield code="a">Pinchas Zukerman, violin ; Marc Neikrug, piano.</subfield>
  </datafield>
  <datafield tag="518" ind1=" " ind2=" ">
   <subfield code="a">Recorded Feb. 6, June 10-11, and Aug. 11, 1990, at Manhattan Center, New York City.</subfield>
  </datafield>
  <datafield tag="650" ind1=" " ind2="0">
   <subfield code="a">Sonatas (Violin and piano)</subfield>
  </datafield>
  <datafield tag="700" ind1="1" ind2=" ">
   <subfield code="a">Zukerman, Pinchas</subfield>
   <subfield code="d">1948-</subfield>
   <subfield code="4">itr.</subfield>
  </datafield>
  <datafield tag="700" ind1="1" ind2=" ">
   <subfield code="a">Neikrug, Marc</subfield>
   <subfield code="d">1946-</subfield>
   <subfield code="4">itr.</subfield>
  </datafield>
  <datafield tag="700" ind1="1" ind2="2">
   <subfield code="a">Mozart, Wolfgang Amadeus</subfield>
   <subfield code="d">1756-1791.</subfield>
   <subfield code="t">Sonatas</subfield>
   <subfield code="m">violin, piano</subfield>
   <subfield code="n">K. 306</subfield>
   <subfield code="r">D major.</subfield>
  </datafield>
  <datafield tag="700" ind1="1" ind2="2">
   <subfield code="a">Mozart, Wolfgang Amadeus</subfield>
   <subfield code="d">1756-1791.</subfield>
   <subfield code="t">Sonatas</subfield>
   <subfield code="m">violin, piano</subfield>
   <subfield code="n">K. 301</subfield>
   <subfield code="r">G major.</subfield>
  </datafield>
  <datafield tag="700" ind1="1" ind2="2">
   <subfield code="a">Mozart, Wolfgang Amadeus</subfield>
   <subfield code="d">1756-1791.</subfield>
   <subfield code="t">Sonatas</subfield>
   <subfield code="m">violin, piano</subfield>
   <subfield code="n">K. 378</subfield>
   <subfield code="r">B? major.</subfield>
  </datafield>
  <datafield tag="852" ind1="0" ind2=" ">
   <subfield code="a">UPD</subfield>
   <subfield code="b">DMUS</subfield>
   <subfield code="h">CD 1414</subfield>
  </datafield>
  <datafield tag="942" ind1=" " ind2=" ">
   <subfield code="a">Music</subfield>
  </datafield>
 </record>
</collection>
